| 000 | 00567cam a2200217 4500 | ||
|---|---|---|---|
| 008 | 000000n2000 000 0 eng u | ||
| 020 | _a0752003062 | ||
| 035 | _a(Sirsi) u110665 | ||
| 041 | _aeng | ||
| 050 | _a346.4104343 | ||
| 100 | _aLewison, Kim | ||
| 245 | _aDrafting business leases. | ||
| 250 | _a6th ed. | ||
| 260 |
_aLondon _bSweet & Maxwell _c2000 |
||
| 300 | _axxxvii,363p. ; 24cm. | ||
| 350 | _a79.00 | ||
| 650 | _aBUSINESS LEASES | ||
| 650 | _aPROPERTY-COMMERCIAL PROPERTY | ||
| 690 | _aLANDLORD AND TENANT-BUSINESS TENANCIES | ||
| 942 | _n0 | ||
| 999 |
_c101123 _d101123 |
||